000 00346nam a22001457a 4500
020 _a9780198070924
082 _a030
_bAYT/O
100 _aAYTO, JOHN
245 _aOXFORD A CENTURY OF NEW WORDS
250 _aFIRST INDIAN EDITION
260 _aDELHI
_bOXFORD UNIVERSITY PRESS
_c2011
300 _a230
650 _aDICTIONARY
_zINDIA
942 _cBK
999 _c1747
_d1747